[Event "Hastings Masters"]
[Site "Hastings"]
[Date "2007.01.03"]
[Round "7.46"]
[White "Hickman, John"]
[Black "Weidman, Mark"]
[Result "1-0"]
[WhiteElo "2058"]
[BlackElo "1232"]
[PlyCount "61"]
[EventDate "2006.12.28"]
[SourceDate "2006.12.28"]

1. e4 e5 2. Nf3 Nc6 3. Bb5 a6 4. Ba4 Bc5 5. c3 Nge7 6. d4 exd4 7. cxd4 Bb4+ 8.
Bd2 b5 9. Bb3 Bxd2+ 10. Nbxd2 d5 11. O-O O-O 12. Rc1 Na5 13. Bc2 c6 14. Bb1 Nc4
15. Nxc4 dxc4 16. Qc2 Bg4 17. Rcd1 f5 {(=)} 18. Rfe1 Qb6 19. Re3 Rad8 20. Qd2
f4 21. Rc3 Ng6 22. b3 cxb3 23. axb3 Rf7 24. Rc5 Rfd7 25. Qc3 Bxf3 {(=)} 26.
gxf3 Nf8 27. Bc2 Ne6 28. Rxc6 Qa7 29. Rxe6 Rxd4 30. Rxd4 Rxd4 31. Qc8+ 1-0

[Event "Hastings Masters"]
[Site "Hastings"]
[Date "2007.01.03"]
[Round "7.47"]
[White "Barron, David"]
[Black "Spanton, Tim"]
[Result "0-1"]
[WhiteElo "1966"]
[BlackElo "2051"]
[PlyCount "110"]
[EventDate "2006.12.28"]
[SourceDate "2006.12.28"]

1. d4 d5 2. Nc3 Nf6 3. Bg5 c6 4. Nf3 Bg4 5. Ne5 Bh5 6. f3 Nbd7 7. g4 Bg6 8. h4
h6 9. Nxg6 fxg6 10. Qd3 Kf7 11. Bf4 Qe8 12. e4 e5 13. dxe5 Nxe5 14. Bxe5 Qxe5
15. O-O-O Bb4 16. Ne2 Rhd8 17. Qb3 Be7 18. Bg2 Qc7 19. g5 hxg5 20. hxg5 Nh5 21.
exd5 cxd5 22. f4 Rac8 23. Rxd5 Rxd5 24. Bxd5+ Kf8 25. Rf1 Bc5 26. f5 Be3+ 27.
Kb1 Bxg5 28. fxg6+ Nf6 29. Nd4 Re8 30. Qa3+ Qe7 31. Qxe7+ Rxe7 32. Ne6+ Ke8 33.
Nxg5 Nxd5 34. c4 Nf6 35. Rh1 Ne4 36. Nxe4 Rxe4 37. Rh7 Re7 38. Kc2 Kd7 39. Kc3
Ke6 40. Rh3 Kf5 41. Rg3 Re6 42. Kd4 Rxg6 43. Rxg6 Kxg6 44. Ke5 Kf7 45. b4 Ke7
46. Kf5 Kd6 47. Kg6 Ke5 48. Kxg7 Kd4 49. c5 Kc4 50. a3 a6 51. Kf6 Kb3 52. Ke6
Kxa3 53. Kd6 Kxb4 54. c6 bxc6 55. Kxc6 a5 0-1

[Event "Hastings Masters"]
[Site "Hastings"]
[Date "2007.01.03"]
[Round "7.48"]
[White "Dennis, Nigel"]
[Black "Van de Laar, Michael"]
[Result "1-0"]
[WhiteElo "2020"]
[BlackElo "1088"]
[PlyCount "71"]
[EventDate "2006.12.28"]
[SourceDate "2006.12.28"]

1. e4 c5 2. Nf3 d6 3. d4 cxd4 4. Nxd4 Nf6 5. Nc3 a6 6. Be2 e6 7. O-O Be7 8. Be3
O-O 9. a4 Bd7 10. f4 Qc7 11. g4 e5 12. Nf5 Bxf5 13. gxf5 Nc6 14. Kh1 Rad8 15.
Rg1 Kh8 16. Bc4 Na5 17. Bd5 Nc4 18. Bxc4 Qxc4 19. Qf3 exf4 20. Bxf4 Qb4 21. Qg2
Rg8 22. Ra3 Qb6 23. Rb3 Qa7 24. e5 dxe5 25. Rxb7 Qc5 26. Re1 Bd6 27. Be3 Qc8
28. Rxf7 Qxf5 29. Ra7 e4 30. Rg1 Nh5 31. Nxe4 Qe5 32. Nxd6 Rxd6 33. Qf3 Rh6 34.
Bxh6 gxh6 35. Rxg8+ Kxg8 36. Qa8+ 1-0

[Event "Hastings Masters"]
[Site "Hastings"]
[Date "2007.01.04"]
[Round "8.1"]
[White "Ikonnikov, Vyacheslav"]
[Black "Gagunashvili, Merab"]
[Result "1/2-1/2"]
[WhiteElo "2588"]
[BlackElo "2611"]
[PlyCount "66"]
[EventDate "2006.12.28"]
[SourceDate "2006.12.28"]

1. d4 d5 2. Nf3 Nf6 3. c4 c6 4. Nc3 dxc4 5. a4 Bf5 6. e3 e6 7. Bxc4 Bb4 8. O-O
O-O 9. Qe2 Bg6 10. Ne5 Nbd7 11. Nxg6 hxg6 12. Rd1 Qa5 13. Bd2 Rad8 14. Be1 c5
15. d5 exd5 16. Bxd5 Nxd5 17. Nxd5 Bxe1 18. Rxe1 Nf6 19. Nxf6+ gxf6 20. Qb5 Qb6
21. Qxb6 axb6 22. Kf1 Rd3 23. b4 cxb4 24. Reb1 Ra3 25. Rxa3 bxa3 26. Ra1 Ra8
27. Rxa3 b5 28. a5 f5 29. Ke2 Ra6 30. Rd3 Rxa5 31. Rd7 Ra7 32. Rd5 Ra5 33. Rd7
Ra7 1/2-1/2

[Event "Hastings Masters"]
[Site "Hastings"]
[Date "2007.01.04"]
[Round "8.2"]
[White "Pavlovic, Milos"]
[Black "Ansell, Simon"]
[Result "1/2-1/2"]
[WhiteElo "2507"]
[BlackElo "2394"]
[PlyCount "104"]
[EventDate "2006.12.28"]
[SourceDate "2006.12.28"]

1. Nf3 Nf6 2. c4 c6 3. Nc3 d5 4. e3 Bg4 5. Qb3 Qb6 6. Ne5 Qxb3 7. axb3 e6 8. d4
Nbd7 9. Nxg4 Nxg4 10. f3 Ngf6 11. g4 a6 12. Be2 Bd6 13. O-O h6 14. h3 O-O 15.
Bd2 Rac8 16. c5 Bc7 17. f4 Nh7 18. h4 g6 19. Nd1 f5 20. g5 h5 21. Nf2 Kf7 22.
Nd3 Rfe8 23. Ra4 Nhf8 24. Rfa1 Kg7 25. Kf2 Ra8 26. Bf1 Rec8 27. b4 Re8 28. Bc3
Rac8 29. R4a3 Nb8 30. Be2 Kf7 31. R3a2 Re7 32. Bf1 Ke8 33. Be2 Rh7 34. Bf3 Rd7
35. Nc1 Re7 36. Ne2 Rh7 37. Ng3 Rd8 38. Rg1 Kf7 39. Ne2 Ke8 40. Nc1 Rc8 {(=)}
41. Nd3 Rd7 42. Be2 Rh7 43. Bd2 Rg7 44. Rc1 Rh7 45. Raa1 Bd8 46. Be1 Bc7 47.
Bd2 Re7 48. Rc2 Rh7 49. Nc1 Re7 50. Nb3 Rh7 51. Rcc1 Bd8 52. Be1 Re7 1/2-1/2

[Event "Hastings Masters"]
[Site "Hastings"]
[Date "2007.01.04"]
[Round "8.4"]
[White "Jones, Gawain"]
[Black "Neverov, Valeriy"]
[Result "0-1"]
[WhiteElo "2430"]
[BlackElo "2538"]
[PlyCount "178"]
[EventDate "2006.12.28"]
[SourceDate "2006.12.28"]

1. e4 c5 2. Nc3 d6 3. f4 Nc6 4. Nf3 g6 5. Bc4 Bg7 6. O-O e6 7. d3 Nge7 8. Qe1
h6 9. a3 a6 10. Kh1 b5 11. Ba2 Bb7 12. f5 gxf5 13. Nh4 Bf6 14. exf5 Bxh4 15.
Qxh4 Nxf5 16. Qh5 Qh4 17. Qxh4 Nxh4 18. Ne4 Rd8 19. Rf6 Ne5 20. Bxh6 Nf5 21.
Bf4 Bxe4 22. dxe4 Ng4 23. Rxf5 exf5 24. exf5 Rh5 25. h3 Rxf5 26. g3 Ne5 27. Bd5
Kd7 28. h4 Ng6 29. Bf3 Rxf4 30. gxf4 Rh8 31. Bg4+ Ke7 32. Kg2 f5 33. Bh3 Nxf4+
34. Kg3 Ne2+ 35. Kg2 Nf4+ 36. Kg3 Nxh3 37. Kxh3 d5 38. Kg3 Kf6 39. Rh1 d4 40.
Kf4 Re8 41. h5 Re4+ 42. Kf3 Kg5 43. h6 Re3+ 44. Kf2 Re8 45. h7 Rh8 46. Kf3 c4
47. b3 d3 48. bxc4 bxc4 49. cxd3 cxd3 50. Kg3 d2 51. Rd1 Rxh7 52. Rxd2 Rc7 53.
Rd3 Rc4 54. Rb3 a5 55. Kf2 a4 56. Rd3 Rf4+ 57. Ke2 Kg4 58. Rd8 Kg3 59. Rd5 Re4+
60. Kd3 Kf4 61. Kd2 Kg4 62. Kd3 Rf4 63. Ke2 Kg3 64. Ra5 Kg2 65. Ke3 Kg3 66. Ke2
Kg4 67. Ra8 Re4+ 68. Kf2 f4 69. Rg8+ Kf5 70. Rf8+ Ke5 71. Re8+ Kd5 72. Rd8+ Kc5
73. Rc8+ Kd4 74. Kf3 Re3+ 75. Kxf4 Rxa3 76. Rd8+ Kc3 77. Rc8+ Kb2 78. Ra8 Kc2
79. Ra7 Ra1 80. Rc7+ Kd3 81. Rd7+ Kc4 82. Rc7+ Kb4 83. Rb7+ Kc5 84. Ke3 a3 85.
Rc7+ Kb6 86. Rc2 a2 87. Re2 Kc5 88. Ke4 Kc4 89. Ke5 Kd3 0-1

[Event "Hastings Masters"]
[Site "Hastings"]
[Date "2007.01.04"]
[Round "8.5"]
[White "Gofshtein, Zvulon"]
[Black "Ashton, Adam"]
[Result "1-0"]
[WhiteElo "2509"]
[BlackElo "2304"]
[PlyCount "48"]
[EventDate "2006.12.28"]
[SourceDate "2006.12.28"]

1. d4 d5 2. c4 e5 3. dxe5 d4 4. e4 Nc6 5. f4 f6 6. e6 Bxe6 7. Nf3 Qd7 8. a3 a5
9. Bd3 Bc5 10. O-O Nge7 11. f5 Bf7 12. e5 Nxe5 13. Nxe5 fxe5 14. Nd2 Nc6 15.
Ne4 Be7 16. Qe1 Bf6 17. g4 h6 18. h4 O-O-O 19. b4 Qe7 20. b5 Nb8 21. Qxa5 Bxh4
22. Qa7 Bg5 23. Nc5 c6 24. f6 Qc7 1-0

[Event "Hastings Masters"]
[Site "Hastings"]
[Date "2007.01.04"]
[Round "8.6"]
[White "Pert, Nicholas"]
[Black "Peek, Marcel"]
[Result "1-0"]
[WhiteElo "2502"]
[BlackElo "2367"]
[PlyCount "293"]
[EventDate "2006.12.28"]
[SourceDate "2006.12.28"]

1. d4 f5 2. Bg5 g6 3. Nd2 Bg7 4. e3 d6 5. c3 Nc6 6. Bc4 Nf6 7. h4 h6 8. Bxf6
Bxf6 9. Qb3 Kf8 10. Qc2 d5 11. Be2 h5 12. Nh3 Be6 13. Nf3 Qd6 14. O-O Kg7 15.
Rad1 a6 16. a3 Rad8 17. Nfg5 Bf7 18. c4 e6 19. Rd2 Rd7 20. Rc1 Nd8 21. b4 Qe7
22. f4 Be8 23. c5 c6 24. a4 Rc7 25. g3 Nf7 26. Nxf7 Kxf7 27. Qd1 Bd7 28. Ra2
Ra8 29. Rb1 Qe8 30. Bd3 Kg7 31. Qe2 Rcc8 32. Kg2 Ra7 33. Ng1 Kh6 34. Nf3 Qd8
35. Rb3 Rca8 36. Rab2 Qe8 37. Qc2 Qd8 38. Qd2 Be8 39. Be2 Kg7 40. Ne1 Kh6 41.
Nc2 Qc8 42. Qe1 Bd8 43. Qb1 Bc7 44. Ra3 Bd8 45. Rba2 Kg7 46. Qb2 Kf8 47. Kf2
Bd7 48. b5 axb5 49. axb5 Rxa3 50. Rxa3 Rxa3 51. Qxa3 cxb5 52. Qb2 Bc6 53. Bxb5
Qa8 54. Be2 Qa4 55. Nb4 Bb5 56. Nxd5 Bxe2 57. Nc3 Qc6 58. Nxe2 Qh1 59. Qa3 Kf7
60. Qa8 Bc7 61. Qa4 Ke7 62. Qb4 Kd7 63. Qe1 Qe4 64. Qd1 Qc6 65. Nc1 b6 66. Nd3
bxc5 67. Nxc5+ Ke7 68. Qb1 Bb6 69. Nd3 Bc7 70. Qd1 Bd6 71. Qd2 Qh1 72. Ne1 Qb7
73. Nf3 Qb3 74. Qe2 Qb7 75. Qa2 Qc6 76. Ng5 Bc7 77. Qa3+ Bd6 78. Qa7+ Bc7 79.
Qa2 Bb8 80. Qb2 Bc7 81. Nf3 Bd6 82. Kg2 Qd5 83. Qc2 Qb7 84. Kf2 Qd5 85. Ng5 Bb8
86. Qc8 Bd6 87. Qg8 Qa2+ 88. Kg1 Kd7 89. Nf3 Qb1+ 90. Kg2 Qc2+ 91. Kh3 Qf2 92.
Qf7+ Be7 93. Nh2 Qxe3 94. Qxg6 Qe2 95. Qg7 Qd1 96. Qe5 Bd6 97. Qb5+ Kc7 98.
Qc4+ Kd7 99. Qb5+ Kc7 100. Qb2 Qd3 101. Kg2 Ba3 102. Qa2 Kd7 103. Nf3 Bd6 104.
Kf2 Bc7 105. Qb2 Kc6 106. Qc1+ Kd7 107. Qb2 Kc6 108. Ng5 Kd7 109. Kg2 Qc4 110.
Qd2 Qd5+ 111. Nf3 Qc4 112. Qd1 Qa2+ 113. Kh3 Qd5 114. Nh2 Bb6 115. Qxh5 Bxd4
116. Qf7+ Kd6 117. Qf8+ Kd7 118. h5 Bg1 119. Qg7+ Kd6 120. h6 Qh1 121. Qf8+ Kd7
122. Qg7+ Kd6 123. Qe5+ Kd7 124. Qe2 Bxh2 125. Qg2 Qd1 126. Qb7+ Ke8 127. Qc8+
Kf7 128. Qc7+ Ke8 129. Qb8+ Kf7 130. Qa7+ Ke8 131. h7 Qh5+ 132. Kg2 Qe2+ 133.
Kh1 Qf1+ 134. Kxh2 Qe2+ 135. Kg1 Qe1+ 136. Kg2 Qe4+ 137. Kh2 Qe2+ 138. Kh3 Qh5+
139. Kg2 Qe2+ 140. Qf2 Qh5 141. Qc2 Kd8 142. Qa2 Kc7 143. Qa7+ Kc6 144. Qa8+
Kc7 145. h8=Q Qe2+ 146. Kh3 Qg4+ 147. Kh2 1-0

[Event "Hastings Masters"]
[Site "Hastings"]
[Date "2007.01.04"]
[Round "8.7"]
[White "Williams, Simon K"]
[Black "Knott, Simon"]
[Result "1/2-1/2"]
[WhiteElo "2473"]
[BlackElo "2375"]
[PlyCount "40"]
[EventDate "2006.12.28"]
[SourceDate "2006.12.28"]

1. c4 Nf6 2. Nc3 d5 3. cxd5 Nxd5 4. g3 g6 5. Bg2 Nxc3 6. bxc3 Bg7 7. h4 Qd7 8.
h5 Nc6 9. a4 b6 10. a5 Rb8 11. axb6 axb6 12. Nf3 Bb7 13. Ra4 Ra8 14. Rxa8+ Bxa8
15. hxg6 hxg6 16. Rxh8+ Bxh8 17. Qa4 Na5 18. Qh4 Bg7 19. Qb4 Qd6 20. Qg4 Qd7
1/2-1/2

[Event "Hastings Masters"]
[Site "Hastings"]
[Date "2007.01.04"]
[Round "8.9"]
[White "Houska, Jovanka"]
[Black "Hendriks, Willy"]
[Result "1/2-1/2"]
[WhiteElo "2364"]
[BlackElo "2439"]
[PlyCount "98"]
[EventDate "2006.12.28"]
[SourceDate "2006.12.28"]

1. e4 d6 2. d4 Nf6 3. Nc3 g6 4. Be3 Bg7 5. h3 O-O 6. Qd2 Nbd7 7. Nf3 c5 8. dxc5
Nxc5 9. e5 Nfe4 10. Nxe4 Nxe4 11. Qd5 Nc5 12. c3 Be6 13. Qd1 Rc8 14. exd6 exd6
15. Be2 b5 16. Bd4 Bc4 17. O-O Bxd4 18. Nxd4 Re8 19. Re1 Qf6 20. Bg4 Nd3 21.
Rxe8+ Rxe8 22. Qd2 b4 23. Bf3 bxc3 24. Qxc3 Ne5 25. Rd1 {(=)} Bxa2 26. b3 Nxf3+
27. Qxf3 Qxf3 28. gxf3 Rb8 29. Ra1 Bxb3 30. Rb1 a5 31. Nc6 Rb5 32. Nd4 Rb6 33.
Nxb3 a4 34. Nd2 Rxb1+ 35. Nxb1 Kg7 36. f4 Kh6 37. Kg2 Kh5 38. Na3 Kh4 39. Kh2
g5 40. fxg5 Kxg5 41. Kg3 Kf5 42. Kf3 Ke6 43. Ke3 Kd5 44. Kd3 Ke5 45. Ke3 d5 46.
Nb5 Kf5 47. f4 Ke6 48. Kd4 Kf5 49. Ke3 Ke6 1/2-1/2

[Event "Hastings Masters"]
[Site "Hastings"]
[Date "2007.01.04"]
[Round "8.10"]
[White "Haslinger, Stewart"]
[Black "Furman, Boris"]
[Result "1/2-1/2"]
[WhiteElo "2438"]
[BlackElo "2263"]
[PlyCount "77"]
[EventDate "2006.12.28"]
[SourceDate "2006.12.28"]

1. e4 c5 2. Nf3 Nc6 3. d4 cxd4 4. Nxd4 Nf6 5. Nc3 d6 6. Bg5 e6 7. Qd2 Be7 8.
O-O-O O-O 9. f4 h6 10. Bh4 e5 11. Nf5 Bxf5 12. exf5 exf4 13. Kb1 d5 14. Bxf6
Bxf6 15. Nxd5 Be5 16. c3 Qh4 17. Bd3 Rfd8 18. Be4 Rd6 19. Qe2 Re8 20. Qf3 Na5
21. Bc2 Kf8 22. Qe4 Qd8 23. Rhe1 Qb8 {(=)} 24. f6 g6 25. g3 Bxf6 26. Qxf4 Rxe1
27. Rxe1 Bg5 28. Qe5 Kg8 29. h4 Nc6 30. Qe4 Re6 31. Qh1 Rxe1+ 32. Qxe1 Bd8 33.
h5 Qe5 34. Qxe5 Nxe5 35. hxg6 fxg6 36. Be4 Kf7 37. Kc2 Nc4 38. Nf4 g5 39. Nd5
1/2-1/2

[Event "Hastings Masters"]
[Site "Hastings"]
[Date "2007.01.04"]
[Round "8.11"]
[White "Ledger, David"]
[Black "McNab, Colin"]
[Result "0-1"]
[WhiteElo "2276"]
[BlackElo "2433"]
[PlyCount "198"]
[EventDate "2006.12.28"]
[SourceDate "2006.12.28"]

1. e4 d6 2. d4 g6 3. Nc3 Bg7 4. f4 Nf6 5. Nf3 O-O 6. Bd3 Nc6 7. e5 dxe5 8. dxe5
Nd5 9. Bd2 Ndb4 10. Be4 Bf5 11. Bxf5 gxf5 12. a3 Nd5 13. Qe2 Nxc3 14. Bxc3 Qd5
15. Qd3 Rad8 16. Qxd5 Rxd5 17. Ke2 f6 18. Rad1 Rxd1 19. Rxd1 fxe5 20. fxe5 Rd8
21. Rxd8+ Nxd8 22. Nh4 e6 23. Kd3 Kf7 24. Nf3 h6 25. Ba5 b6 26. Bc3 a6 27. Kc4
b5+ 28. Kd4 Ke7 29. Ke3 c5 30. Ba5 Nf7 31. Kf4 Kd7 32. b3 c4 33. bxc4 bxc4 34.
Bc3 Kc6 35. h3 Kd5 36. g4 fxg4 37. hxg4 Bf8 38. a4 Be7 39. Bb2 Bb4 40. Ke3 Be7
41. Kf4 Bg5+ 42. Nxg5 hxg5+ 43. Ke3 Nxe5 44. Bxe5 Kxe5 45. c3 Kd5 46. Kf3 e5
47. a5 e4+ 48. Ke2 Kc5 49. Ke3 Kb5 50. Kxe4 Kxa5 51. Kf5 Kb5 52. Kxg5 a5 53.
Kf4 a4 54. g5 a3 55. g6 a2 56. g7 a1=Q 57. g8=Q Qxc3 58. Qd5+ Kb4 59. Kg4 Qd3
60. Qb7+ Kc3 61. Kh5 Qe2+ 62. Kh4 Kc2 63. Qb4 Qe4+ 64. Kh5 Qe5+ 65. Kh6 c3 66.
Qa4+ Kd2 67. Qb4 Ke3 68. Qa3 Qe6+ 69. Kh5 Qd5+ 70. Kh6 Qc6+ 71. Kh5 Qb5+ 72.
Kh6 Kd2 73. Qd6+ Kc1 74. Qa3+ Kd2 75. Qd6+ Qd3 76. Qh2+ Kc1 77. Qg1+ Qd1 78.
Qc5 Qd2+ 79. Kg7 Qg2+ 80. Kh7 Qh3+ 81. Kg6 Qd3+ 82. Kh6 c2 83. Kh5 Kd1 84. Qg1+
Kd2 85. Qg5+ Qe3 86. Qa5+ Ke2 87. Qa2 Qc5+ 88. Kh6 Kf1 89. Qf7+ Kg1 90. Qg8+
Kh2 91. Qb8+ Kh3 92. Qb3+ Kh4 93. Qa4+ Kg3 94. Qb3+ Kf4 95. Qf7+ Ke5 96. Qg7+
Kd5 97. Qg2+ Kd6 98. Qd2+ Kc7 99. Qc1 Kc8 0-1

[Event "Hastings Masters"]
[Site "Hastings"]
[Date "2007.01.04"]
[Round "8.12"]
[White "Rudd, Jack"]
[Black "Wallace, John Paul"]
[Result "1-0"]
[WhiteElo "2310"]
[BlackElo "2418"]
[PlyCount "43"]
[EventDate "2006.12.28"]
[SourceDate "2006.12.28"]

1. e4 e5 2. d4 exd4 3. Qxd4 Nc6 4. Qe3 b6 5. Nc3 Bb7 6. Bc4 Nf6 7. Qg3 Nb4 8.
Bg5 Nxc2+ 9. Kd1 Nxa1 10. e5 Nh5 11. Qh4 Be7 12. Qxh5 g6 13. Bxe7 Qxe7 14. Qg4
h5 15. Qf4 Bxg2 16. Nd5 Qc5 17. Nxc7+ Qxc7 18. Qxf7+ Kd8 19. Qf6+ Kc8 20. Ba6+
Qb7 21. Qxh8+ Kc7 22. Bxb7 1-0

[Event "Hastings Masters"]
[Site "Hastings"]
[Date "2007.01.04"]
[Round "8.13"]
[White "Grooten, Herman"]
[Black "Narayanan, Srinath"]
[Result "1/2-1/2"]
[WhiteElo "2387"]
[BlackElo "2141"]
[PlyCount "92"]
[EventDate "2006.12.28"]
[SourceDate "2006.12.28"]

1. Nf3 Nf6 2. c4 c5 3. Nc3 Nc6 4. d4 cxd4 5. Nxd4 e6 6. a3 d5 7. cxd5 exd5 8.
g3 Bc5 9. Be3 Qe7 10. Nxc6 bxc6 11. Bxc5 Qxc5 12. Bg2 O-O 13. O-O Ba6 14. Rc1
Qe7 15. Re1 Rac8 {(=)} 16. Qd4 Bc4 17. b4 a5 18. e4 Rfe8 19. Bh3 Rb8 20. Re3
Qe5 21. Qxe5 Rxe5 22. exd5 Rxe3 23. fxe3 cxd5 24. bxa5 Ra8 25. Rb1 Kf8 26. a4
Rxa5 {(=)} 27. Rb8+ Ke7 28. Rb7+ Kf8 29. Kf2 g5 30. Ke1 Ne4 31. Nxe4 dxe4 32.
Rb4 Bd3 33. Bf1 Rc5 34. Bxd3 exd3 35. Kd2 Rc2+ 36. Kxd3 Rxh2 37. Kc4 h5 38. a5
h4 39. gxh4 gxh4 40. Kb3 Re2 41. Re4 h3 42. a6 h2 43. a7 Rxe3+ 44. Kb2 Re2+ 45.
Kb3 Re3+ 46. Kb2 Re2+ 1/2-1/2

[Event "Hastings Masters"]
[Site "Hastings"]
[Date "2007.01.04"]
[Round "8.14"]
[White "Briscoe, Christopher"]
[Black "Rendle, Thomas"]
[Result "1/2-1/2"]
[WhiteElo "2121"]
[BlackElo "2382"]
[PlyCount "60"]
[EventDate "2006.12.28"]
[SourceDate "2006.12.28"]

1. e4 e6 2. d4 d5 3. Nd2 Nc6 4. Ngf3 Nf6 5. e5 Nd7 6. c3 f6 7. exf6 Qxf6 8. Bd3
Bd6 9. Nf1 e5 10. dxe5 Ndxe5 11. Be2 Be6 12. Ne3 O-O-O 13. Nxd5 Qg6 14. Ng5
Bxd5 15. Qxd5 Nb4 16. Qe6+ Qxe6 17. Nxe6 Nc2+ 18. Kd1 Nxa1 19. Nxd8 Rxd8 20.
Bf4 Nd3 21. Bxd3 Bxf4 22. Ke2 Nc2 23. Bf5+ Kb8 24. Rd1 Rxd1 {(=)} 25. Kxd1 h5
26. Bxc2 Bxh2 27. g3 g5 28. Ke2 h4 29. gxh4 gxh4 {(=)} 30. Kf3 Kc8 1/2-1/2

[Event "Hastings Masters"]
[Site "Hastings"]
[Date "2007.01.04"]
[Round "8.15"]
[White "Muter, Donny"]
[Black "Hebden, Mark"]
[Result "0-1"]
[WhiteElo "2146"]
[BlackElo "2545"]
[PlyCount "34"]
[EventDate "2006.12.28"]
[SourceDate "2006.12.28"]

1. d4 Nf6 2. c4 g6 3. Nc3 Bg7 4. e4 d6 5. Nf3 O-O 6. Be2 e5 7. Be3 Ng4 8. Bg5
f6 9. Bc1 f5 10. dxe5 Nxe5 11. exf5 Bxf5 12. O-O Nbc6 13. Be3 Kh8 14. Qd2 Be6
15. Nd5 Nxf3+ 16. Bxf3 Rxf3 17. gxf3 Ne5 0-1

[Event "Hastings Masters"]
[Site "Hastings"]
[Date "2007.01.04"]
[Round "8.16"]
[White "Ciuksyte, Dagne"]
[Black "Mansson, James"]
[Result "1/2-1/2"]
[WhiteElo "2440"]
[BlackElo "2120"]
[PlyCount "87"]
[EventDate "2006.12.28"]
[SourceDate "2006.12.28"]

1. e4 c5 2. Nf3 d6 3. d4 cxd4 4. Nxd4 Nf6 5. Nc3 a6 6. Bc4 e6 7. O-O Be7 8. Bb3
O-O 9. f4 b5 10. f5 b4 11. Nce2 e5 12. Nf3 Bb7 13. Ng3 Nbd7 14. Qe1 a5 15. Bg5
Qc7 16. Nh5 a4 17. Bd5 Bxd5 18. exd5 Rfe8 19. Bxf6 Nxf6 20. Nxf6+ Bxf6 21. Qe4
Qc5+ 22. Kh1 Rec8 23. Rac1 Bd8 24. h3 Qc4 25. Nd2 Qd4 26. Qxd4 exd4 27. Ne4 Ra6
28. Rfd1 Bb6 29. Nxd6 Rd8 30. Nc4 Rxd5 31. Nxb6 Rxb6 32. c4 bxc3 33. bxc3 d3
34. c4 Rd4 35. Rc3 d2 36. Rc2 Rbd6 37. Kg1 Kf8 38. Kf2 Rc6 39. Ke3 Rdxc4 40.
Rxc4 Rxc4 41. Rxd2 Ke7 42. Rd4 Rc3+ 43. Rd3 Rc4 44. Rd4 1/2-1/2

[Event "Hastings Masters"]
[Site "Hastings"]
[Date "2007.01.04"]
[Round "8.17"]
[White "Vul, Arkadi"]
[Black "Humphreys, Jerry"]
[Result "1/2-1/2"]
[WhiteElo "2365"]
[BlackElo "2106"]
[PlyCount "97"]
[EventDate "2006.12.28"]
[SourceDate "2006.12.28"]

1. Nf3 Nf6 2. c4 c5 3. Nc3 b6 4. g3 Bb7 5. Bg2 g6 6. O-O Bg7 7. d4 cxd4 8. Nxd4
Bxg2 9. Kxg2 Qc7 10. b3 Qb7+ 11. f3 O-O 12. e4 d6 13. Bg5 Nbd7 14. Qd2 Rfe8 15.
Rac1 a6 16. Rc2 Rac8 17. Rfc1 Kh8 18. Nd5 e6 19. Nxf6 Nxf6 20. Ne2 Rcd8 21. Rd1
Rd7 22. Qf4 Nh5 23. Qc1 d5 24. Rcd2 h6 25. Be3 Nf6 26. exd5 exd5 27. Bd4 Rde7
28. Nf4 dxc4 29. Qxc4 Kh7 30. Bxf6 Bxf6 31. Nd5 Re6 32. Nc7 Bg5 33. Nxe6 Bxd2
34. Nc5 bxc5 35. Rxd2 Re3 36. Rd5 Qe7 37. Rd2 Qf6 38. Qd5 Qe7 39. Qc4 Qf6 40.
Qd5 Qe7 41. Kf2 Re1 42. Qd3 Rh1 43. Kg2 Qe1 44. Qe2 Rg1+ 45. Kh3 Qb1 46. Qd3
Qe1 47. Qe2 Qb1 48. Qd3 Qe1 49. Qe2 1/2-1/2

[Event "Hastings Masters"]
[Site "Hastings"]
[Date "2007.01.04"]
[Round "8.18"]
[White "Foord, Dominic"]
[Black "Kwiatkowski, Feliks"]
[Result "0-1"]
[WhiteElo "1894"]
[BlackElo "2226"]
[PlyCount "44"]
[EventDate "2006.12.28"]
[SourceDate "2006.12.28"]

1. d4 Nf6 2. Nf3 e6 3. Bg5 h6 4. Bh4 c5 5. e3 b6 6. Nc3 Bb7 7. Bd3 Be7 8. Ne5
Nc6 9. Bxf6 Bxf6 10. Qh5 Bxe5 11. dxe5 Qg5 12. Qxg5 hxg5 13. Nb5 Nxe5 14. Nc7+
Ke7 15. Nxa8 Bxg2 16. Rg1 Nf3+ 17. Ke2 Nxg1+ 18. Rxg1 Bxa8 19. Rxg5 g6 20. b4
cxb4 21. Rb5 Rh4 22. Ke1 Bc6 0-1

[Event "Hastings Masters"]
[Site "Hastings"]
[Date "2007.01.04"]
[Round "8.19"]
[White "Graf, Felix"]
[Black "Grant, Alan"]
[Result "1-0"]
[WhiteElo "2207"]
[BlackElo "2206"]
[PlyCount "93"]
[EventDate "2006.12.28"]
[SourceDate "2006.12.28"]

1. d4 Nf6 2. c4 e6 3. Nf3 Bb4+ 4. Bd2 Qe7 5. a3 Bxd2+ 6. Nbxd2 a5 7. g3 Nc6 8.
Bg2 O-O 9. Nf1 d6 10. Ne3 e5 11. O-O h6 12. Rc1 Re8 13. d5 Nb8 14. b4 Na6 15.
Qb3 Ne4 16. Rc2 Bd7 17. Nh4 Ng5 18. Nf3 f5 19. Nxg5 hxg5 20. c5 e4 21. Rfc1 Qe5
22. cxd6 cxd6 23. Nc4 a4 24. Qe3 Qe7 25. Qb6 Qd8 26. Qxd8 Rexd8 27. Nxd6 b5 28.
e3 Rab8 29. g4 g6 30. Bh3 Kf8 31. gxf5 Ke7 32. Nxe4 Bxf5 33. Bxf5 gxf5 34. d6+
Kd7 35. Nxg5 Rg8 36. f4 Rg6 37. Rd1 Rb6 38. Rcd2 Rbxd6 39. Kf2 Ke7 40. Ke2
Rxd2+ 41. Rxd2 Nc7 42. Rc2 Nd5 43. Rc5 Rd6 44. Nf3 Kf6 45. Ne5 Ke7 46. Kf3 Nf6
47. Nc6+ 1-0

[Event "Hastings Masters"]
[Site "Hastings"]
[Date "2007.01.04"]
[Round "8.20"]
[White "Gibson, Christopher"]
[Black "Fowler, Simon"]
[Result "0-1"]
[WhiteElo "2545"]
[BlackElo "2201"]
[PlyCount "42"]
[EventDate "2006.12.28"]
[SourceDate "2006.12.28"]

1. d4 d5 2. c4 e6 3. Nc3 c6 4. Nf3 dxc4 5. a4 Bb4 6. Bd2 a5 7. e3 b5 8. axb5
Bxc3 9. Bxc3 cxb5 10. b3 Bb7 11. bxc4 b4 12. Bd2 Nf6 13. Bd3 Nbd7 14. Be2 O-O
15. O-O Qc7 16. h3 Rfb8 17. c5 Bc6 18. g3 Ne4 19. Kh2 a4 20. Ne1 b3 21. Rb1 a3
0-1

[Event "Hastings Masters"]
[Site "Hastings"]
[Date "2007.01.04"]
[Round "8.21"]
[White "Prosviriakov, Vladimir"]
[Black "Groffen, Hans"]
[Result "1/2-1/2"]
[WhiteElo "2346"]
[BlackElo "2180"]
[PlyCount "70"]
[EventDate "2006.12.28"]
[SourceDate "2006.12.28"]

1. d4 f5 2. e4 fxe4 3. Nc3 Nf6 4. Bg5 Nc6 5. d5 Ne5 6. Qd4 Nf7 7. Bxf6 exf6 8.
Nxe4 f5 9. Nc3 g6 10. Bc4 d6 11. Kf1 Be7 12. Bb5+ Bd7 13. Bxd7+ Kxd7 14. Nge2
Bf6 15. Qb4 Kc8 16. Nf4 Qd7 17. Ne6 Nd8 18. Nf4 Re8 19. Re1 g5 20. Nd3 a6 21.
h4 Rxe1+ 22. Kxe1 g4 23. Nf4 Be5 24. g3 Qg7 25. Kd1 c5 26. dxc6 bxc6 27. Qc4
Bxf4 28. Qxf4 Qe5 {(=)} 29. Qc4 Qe6 30. Qa4 Qd7 31. Re1 Ne6 32. Rxe6 Qxe6 33.
Qxc6+ Kb8 34. Qb6+ Kc8 35. Qc6+ Kb8 1/2-1/2

[Event "Hastings Masters"]
[Site "Hastings"]
[Date "2007.01.04"]
[Round "8.22"]
[White "Huss, Andreas"]
[Black "Kulago, Alexander"]
[Result "1-0"]
[WhiteElo "2338"]
[BlackElo "2114"]
[PlyCount "59"]
[EventDate "2006.12.28"]
[SourceDate "2006.12.28"]

1. d4 d5 2. c4 e6 3. Nf3 Nf6 4. Nc3 Nbd7 5. cxd5 exd5 6. Bf4 c6 7. e3 Nh5 8.
Be5 Nxe5 9. Nxe5 g6 10. Bd3 Bd6 11. O-O Ng7 12. f4 Bf5 13. e4 dxe4 14. Bxe4 h5
15. Kh1 O-O 16. Qa4 h4 17. Rad1 h3 18. g4 Bxe4+ 19. Nxe4 Be7 20. d5 cxd5 21.
Nc3 d4 22. Rxd4 Qb6 23. Nd5 Qc5 24. Nd7 Qd6 25. N5f6+ Qxf6 26. Nxf6+ Bxf6 27.
Rd3 Bxb2 28. Rxh3 a6 29. f5 g5 30. f6 1-0

[Event "Hastings Masters"]
[Site "Hastings"]
[Date "2007.01.04"]
[Round "8.23"]
[White "Cohen, Ronnie"]
[Black "Marusenko, Petr"]
[Result "0-1"]
[WhiteElo "1841"]
[BlackElo "2330"]
[PlyCount "132"]
[EventDate "2006.12.28"]
[SourceDate "2006.12.28"]

1. d4 d5 2. Nf3 Bf5 3. Bg5 c6 4. c3 Nd7 5. Nbd2 Ngf6 6. e3 e6 7. Be2 Bd6 8. O-O
O-O 9. c4 e5 10. dxe5 Nxe5 11. cxd5 cxd5 12. Nd4 Be6 13. N2f3 Ned7 14. Rc1 a6
15. Bd3 Bg4 16. Qc2 Qb6 17. Bh4 Rfe8 18. Bg3 Bxg3 19. hxg3 Ne4 20. b3 Qh6 21.
Qc7 Ndf6 22. Bxe4 dxe4 23. Nh4 Rad8 24. Rc5 Rc8 25. Qa5 Rxc5 26. Qxc5 Nd7 27.
Qc7 Qb6 28. Rc1 g6 29. Qf4 Ne5 30. Qh6 Qa5 31. a4 Nd3 32. Rf1 Qe5 33. Rb1 Rc8
34. b4 Rc1+ 35. Rxc1 Nxc1 36. Qf4 Qxf4 37. gxf4 Bd1 38. a5 Ba4 39. Kf1 Nd3 40.
Ke2 Nxb4 41. Kd2 Nc6 42. Nxc6 Bxc6 43. g3 Kg7 44. Ng2 h5 45. Kc3 Kf6 46. Ne1
Kf5 47. Nc2 Kg4 48. Nd4 f6 49. Kd2 g5 50. Ke1 Bb5 51. fxg5 fxg5 52. f4 exf3 53.
Kf2 Bc6 54. e4 Bxe4 55. Nb3 h4 56. gxh4 gxh4 57. Nd2 Bd5 58. Nf1 Kf4 59. Kg1
Bc4 60. Nh2 Kg3 61. Kh1 Be2 62. Kg1 f2+ 63. Kh1 Bf3+ 64. Nxf3 Kxf3 65. Kh2 f1=R
66. Kh3 Rh1# 0-1